| 000 | 00837nac a22002291u 4500 | ||
|---|---|---|---|
| 010 | _a 00265885 | ||
| 020 | _a0750642351 | ||
| 082 | 0 | 0 |
_a620 _bB6943 |
| 090 |
_c4074 _d4074 |
||
| 100 | _aBolton, W. | ||
| 245 | 1 | 0 |
_aHigher engineering science / _cW. Bolton. |
| 260 |
_aOxford ; _aBoston : _bNewnes,1999 _c1999. |
||
| 300 |
_axi, 275 p. : _bill. ; _c25 cm. |
||
| 500 | _aIncludes index. | ||
| 650 | 0 | _aEngineering. | |
| 650 | 0 | _aMechanical engineering. | |
| 650 | 0 | _aElectric engineering. | |
| 856 | 4 | 2 |
_3Publisher description _uhttp://www.loc.gov/catdir/description/els031/00265885.html |
| 856 | 4 | 2 |
_3Table of contents _uhttp://www.loc.gov/catdir/toc/els031/00265885.html |
| 942 |
_cBB _k620B6943 |
||
| 999 |
_c4074 _d4074 |
||